Responses for show #8075 - Friday, October 18, 2019

Contestants

[<< previous game]

Amanda Borowski, an editor from Winter Springs, Florida

Brian Lynch, a filmmaker from Los Angeles, California

Daryn Firicano, a clinical representative from Las Vegas, Nevada (whose 1-day cash winnings total $18,200)

[next game >>]

Jeopardy! Round responses

AROUND THE WORLD
ENABLING COOKIES
WEIRD SPORTS STUFF
CLUE "N" RESPONSE
DOUBLE TALK
LESSER-KNOWN BROTHERS
    $200 30
(Brian: What is Milan?)

Madrid

Brian
Triple Stumper
    $200 26
(Alex: Less than a minute now.)

Oreo

Brian
    $200 16
Bird rights

Daryn
    $200 12
"I Love Rock 'N' Roll"

Amanda
    $200 27
the dodo

Amanda
    $200 29
Franklin

Brian
    $400 23
Hell

Daryn
    $400 14
Keebler

Brian
    $400 2
Heinz Field

Brian
    $400 11
Shake 'n Bake

Amanda
    $400 15
20/20

Brian
    $400 28
Lafitte

Brian
    $600 22
the Blue & White Nile

Daryn
    $600 13
Animal Crackers

Amanda
    $600 8
(Brian: What is the Kentucky Derby?)

the Preakness

DarynBrian
    $600 10
Guns N' Roses

Amanda
    $600 3
bonbon

Amanda
    $600 25
DiMaggio

Brian
    $800 4
Vietnam

Triple Stumper
    $400 5
a Toll House

Amanda
    $800 20
googly

Daryn
    $800 9
Nice 'N Easy

Amanda
    $800 18
go-go

Daryn
    $800 24
bootleggers

Daryn
    $1000 1
Stonehenge

Brian
    $1000 6
[Alex incorrectly thought Amanda said "Samoans" when she did say [*]. The decision on Amanda's response was reversed after the break.]

Samoas

DarynAmanda
    $1000 19
The Flea

Triple Stumper
    $1000 7
Kid 'n Play

Brian
    $1000 17
Sing Sing

Daryn
    $1000 21
a tanker

Brian

Scores at the first commercial break (after clue 14):

Daryn Brian Amanda
$1,600 $2,200 $4,600

Scores at the end of the Jeopardy! Round:

Daryn Brian Amanda
$6,200 $4,800 $4,800

Double Jeopardy! Round responses

THIS SIDE OF PARODIES
NEWSPAPERS
THE REIGN OF KING CHARLES II
BIOLOGY
BEST PICTURE OSCAR WINNERS
WORDS IN ICELANDIC
(Alex: Each correct response in that category will be made up of some of the letters in the word "Icelandic".)
    $400 7
Hamlet

Brian
    $400 17
Seattle

Daryn
    $400 22
the Stuart

Daryn
    $400 16
the host

Brian
    $400 23
(Amanda: What is It Happened One Night?)
...
(Alex: With less than a minute.)

Mutiny on the Bounty

BrianAmanda
    $400 25
cancel

Triple Stumper
    $800 4
The Iliad

Daryn
    $800 18
USA Today

Brian
    $800 21
a pardon

Daryn
    $800 13
stem cells

Daryn
    $800 8
Chicago

Daryn
    $800 26
(Daryn: ...No.)

clan

DarynBrian
    $1200 1
Are You My Mother?

Amanda
    $1200 19
a crossword

Daryn
    $2,000 15
Great Fire & the Plague

Daryn
    $1200 6
(Daryn: What is... an exoskeleton?)

the epidermis

DarynBrian
    $4,000 10
(Amanda: What is Selma?)

12 Years a Slave

Amanda
    $1200 27
(Daryn: What is... no.)
(Alex: Oh, it isn't coming.)

icicle

DarynAmanda
    $1600 2
(Alexander) Pope

Amanda
    $1600 20
The Christian Science Monitor

Triple Stumper
    $1600 9
acting

Amanda
    $1600 5
the larva stage

Triple Stumper
    $1600 11
The Shape of Water

Brian
    $1600 28
laden

Triple Stumper
    $2000 3
Northanger Abbey

Amanda
    $2000 24
Scripps

Daryn
    $2000 14
agar

Daryn
    $2000 12
The Sting

Brian
    $2000 29
[The end-of-round signal sounds.]

eland

Amanda

Scores at the end of the Double Jeopardy! Round:

Daryn Brian Amanda
$14,200 $12,400 $10,000

[wagering suggestions for these scores]

Final Jeopardy! Round responses

THE POSTCOLONIAL WORLD
AmandaWhat is eSwatini
$9,998
BrianWhat is Congo?
$10,000
DarynWhat is South Africa
$10,601
Zimbabwe

Final scores:

Daryn Brian Amanda
$3,599 $2,400 $2
2-day champion: $21,799 2nd place: $2,000 3rd place: $1,000

Game dynamics:

Coryat scores:

Daryn Brian Amanda
$13,400 $12,400 $14,400
19 R
(including 1 DD),
3 W
18 R,
2 W
15 R
(including 1 DD),
2 W
(including 1 DD)

Combined Coryat: $40,200

The J! Archive is created by fans, for fans. The Jeopardy! game show and all elements thereof, including but not limited to copyright and trademark thereto, are the property of Jeopardy Productions, Inc. and are protected under law. This website is not affiliated with, sponsored by, or operated by Jeopardy Productions, Inc. Join the discussion at JBoard.tv.